| 000 | 00974cab a2200253 4500 | ||
|---|---|---|---|
| 001 | WB2737-75 | ||
| 008 | 090401t1991 xxu||||| |||| 00| 0 eng d | ||
| 035 | _a(Sirsi) u60784 | ||
| 041 | _aeng | ||
| 245 | _aChannel rail link details expected | ||
| 260 | _c1991 | ||
| 350 | _a0 | ||
| 490 |
_aTimes _v26 September 1991, 2(1) |
||
| 520 | _aBritish Rail has told five estate agents operating in South London to be prepared for a government decision on the route of the Channel Tunnel high speed rail link within three weeks. As soon as the route is announced local agents will be given details including the streets and houses affected and any individual properties that the Department of Transport will be willing to buy. | ||
| 650 | _aBLIGHT | ||
| 650 | _aCHANNEL TUNNEL | ||
| 650 | _aCOMPENSATION | ||
| 650 | _aRAIL LINK | ||
| 650 | _aRAILWAYS | ||
| 650 | _aRESIDENTIAL AREAS | ||
| 690 | _aTRANSPORT AND COMMUNICATIONS | ||
| 942 | _n0 | ||
| 948 | _c04/03/1997 | ||
| 999 |
_c37569 _d37569 |
||